[Event "West Attica-ch U16 7th"]
[Site "Karpenisi"]
[Date "2011.09.07"]
[Round "4.2"]
[White "Routsi, Alexandros"]
[Black "Peramatzis, Konstantinos"]
[Result "0-1"]
[WhiteElo "1025"]
[BlackElo "1100"]
[PlyCount "106"]
[EventDate "2011.09.06"]
[EventType "swiss"]
[EventRounds "6"]
[EventCountry "GRE"]
[SourceTitle "EXT 2024"]
[Source "ChessBase"]
[SourceDate "2023.10.10"]
[SourceVersion "1"]
[SourceVersionDate "2023.10.10"]
[SourceQuality "1"]

1. e4 e5 2. Nf3 Nc6 3. Bc4 Nf6 4. Ng5 d5 5. exd5 Na5 6. Bb5+ c6 7. dxc6 bxc6 8. Ba4 Bc5 9. 0-0 Ng4 10. d3 Bd7 11. c3 Bb6 12. b4 Nb7 13. Qf3 0-0 14. Bxc6 Bxc6 15. Qxc6 Rb8 16. Qe4 Nf6 17. Qxe5 Qxd3 18. Nd2 Rfe8 19. Qf4 h6 20. Ngf3 Qxc3 21. Rb1 Bc7 22. Qh4 Nd6 23. Bb2 Qc2 24. Bxf6 gxf6 25. Rfc1 Qxa2 26. Rxc7 Ne4 27. Rxa7 Qxa7 28. Nxe4 Kg7 29. Qg4+ Kf8 30. Nxf6 Re6 31. Nd5 Qa2 32. Rd1 Rd8 33. Qh5 Qb3 34. Nd4 Rxd5 35. Nxe6+ fxe6 36. Rxd5 exd5 37. Qxh6+ Ke7 38. Qc1 Qxb4 39. g3 d4 40. Qg5+ Kd6 41. Qf6+ Kd5 42. Qf3+ Kc4 43. Qe2+ d3 44. Qd1 Qb3 45. Qc1+ Qc2 46. Qf4+ Kc3 47. h4 d2 48. Kg2 d1Q 49. Qf3+ Qxf3+ 50. Kxf3 Qf5+ 51. Kg2 Kd3 52. f3 Ke3 53. f4 Qg4 0-1

[Event "Attica-ch U08/20"]
[Site "Athens"]
[Date "2009.12.23"]
[Round "1"]
[White "Zivas, Konstantinos"]
[Black "Peramatzis, Konstantinos"]
[Result "1-0"]
[WhiteElo "1867"]
[BlackElo "1105"]
[PlyCount "43"]
[EventDate "2009.12.23"]
[EventType "swiss"]
[EventRounds "7"]
[EventCountry "GRE"]
[SourceTitle "EXT 2011"]
[Source "ChessBase"]
[SourceDate "2010.11.26"]
[SourceVersion "1"]
[SourceVersionDate "2010.11.26"]
[SourceQuality "1"]

1. d4 d5 2. c4 Nf6 3. cxd5 Nxd5 4. e4 Nf6 5. Nc3 e6 6. Nf3 Nc6 7. Bd3 Be7 8. 0-0 0-0 9. Bb1 b6 10. a3 Bb7 11. Qd3 g6 12. Rd1 Nd7 13. e5 f6 14. Ba2 fxe5 15. Bxe6+ Kg7 16. Bxd7 Qxd7 17. d5 Nd8 18. Nxe5 Qd6 19. Be3 Bf6 20. Nc4 Ba6 21. Ne4 Qe7 22. Nxf6 1-0

[Event "West Attica-ch U16"]
[Site "Athens"]
[Date "2009.09.09"]
[Round "3"]
[White "Tsoukaraki, Athina"]
[Black "Peramatzis, Konstantinos"]
[Result "0-1"]
[WhiteElo "1150"]
[BlackElo "1105"]
[PlyCount "100"]
[EventDate "2009.09.08"]
[EventType "swiss"]
[EventRounds "7"]
[EventCountry "GRE"]
[SourceTitle "EXT 2011"]
[Source "ChessBase"]
[SourceDate "2010.11.26"]
[SourceVersion "1"]
[SourceVersionDate "2010.11.26"]
[SourceQuality "1"]

1. e4 e5 2. Nf3 Nc6 3. Nc3 Nf6 4. Bc4 Bb4 5. d3 h6 6. Bd2 d6 7. h3 0-0 8. Qe2 Nd4 9. Nxd4 exd4 10. Nd5 Bxd2+ 11. Qxd2 Nxd5 12. Bxd5 c6 13. Bb3 Be6 14. Qf4 Bxb3 15. axb3 Qe7 16. 0-0 f6 17. Qg4 Rf7 18. f4 a6 19. Rf3 Raf8 20. f5 Qe5 21. Qf4 Qxf4 22. Rxf4 Kh7 23. Rg4 h5 24. Rg3 Re7 25. Rf1 d5 26. Rf4 dxe4 27. dxe4 Rfe8 28. Rh4 Rxe4 29. Rxh5+ Kg8 30. c3 dxc3 31. bxc3 Re3 32. Rg4 Rxc3 33. b4 c5 34. Rhh4 Re1+ 35. Kh2 Rb1 36. bxc5 Rxc5 37. Rb4 Rxb4 38. Rxb4 b5 39. g4 a5 40. Rb1 a4 41. h4 a3 42. g5 Rxf5 43. g6 a2 44. Rc1 Kf8 45. Kg3 b4 46. Rc8+ Ke7 47. Rc7+ Kd6 48. Rc1 b3 49. Rd1+ Rd5 50. Ra1 b2 0-1